000 00432nam a2200169Ia 4500
003 GCL
008 140319s9999 xx 000 0 eng d
040 _aGCL /
_cGCL
082 0 4 _a709.73
_bF F
100 1 _aFREEMAN, MARK
245 1 0 _aFINDING THE MUSE /
_cFREEMAN, MARK
260 _a[S.N] :
_bCAMBRIBGE UNIVERSITY PRESS ،
_c1993
300 _a329 p
650 0 4 _aART AND SOCIETY
650 0 4 _aUNITED STATES
942 _2ddc
_cBK
999 _c17608
_d17608